000 00705nam a2200193 i 4500
001 54840
003 ES-MaACL
005 20230906163030.0
007 t|
008 960731s1879 sp |||| | spa d
100 1 _aGalvete, Javier.
_953703
245 1 0 _aFragmentos y ensayos /
_cde Javier Galvete ; con una noticia bibliográfica crítica por Francisco de Asís Pacheco.
260 _aMadrid :
_bLibrería Nacional y Extranjera,
_c1879.
300 _aXXIII, 358 p. ;
_c21 cm.
530 _aDisponible en formato digital.
700 1 _aPacheco, Francisco de Asís.
_988119
852 _aES-MaACL
_jG-7832
856 _uhttp://bdh-rd.bne.es/viewer.vm?id=0000208516&page=1
_zBiblioteca Digital Hispánica
999 _c54840
_d54840